000 00548nam a22001817a 4500
005 20240215125320.0
010 _aENG-139277
020 _a978-81-937464-2-4
_c800.00/
035 _aEN-122809
037 _bDBAD/PUB
082 _a634.573
245 _aThe Mango Atlas/
260 _aMaharashtra
_bDirector of extension education
_c2018
270 _aDapoli , Ratanagiri ,
_bMaharashtra
300 _a193 p.
_c23cm(pbk)
700 _962108
_aDR . Balasaheb Sawant konkan krishi vidyapeeth
942 _2ddc
_cEN
_h634.573
_e2018
999 _c200783
_d200783